000 00314nam a22001337a 4500
008 170609b xxu||||| |||| 00| 0 eng d
020 _a9780312073671
041 _aeng
080 _a32
100 _a19
101 _aSHP
245 _aAT ISSUE POLITICS IN THE WORLD ARENA
_cSPIEGEL.SH.L
942 _2udc
_cBK
999 _c16615
_d16615